| 000 | 00496nam a2200181Ia 4500 | ||
|---|---|---|---|
| 008 | 240925s9999 xx 000 0 und d | ||
| 020 | _a8176495484 | ||
| 082 | _a658.312404 MCA | ||
| 100 | _aMcArdle E.H. Geri | ||
| 245 | 0 | _aDeveloping Instructional Design: a step by step guide to success | |
| 250 | _a1st | ||
| 260 |
_aNew Delhi: _bViva Books _c,2004. |
||
| 300 |
_axviii, 453p. _bNA _fPhotocopy |
||
| 500 | _aIncludes Index | ||
| 600 | _aManagement | ||
| 650 | _aManagement | ||
| 942 | _cBK | ||
| 999 |
_c12396 _d12396 |
||